Guess the Fusion Rock Song Lyrics #161 - Statistics

General Stats
  • This quiz has been taken 18 times
  • The average score is 230 of 355
Answer Stats
Answer % Correct
I
88%
do
82%
the
82%
you
82%
it
71%
way
71%
love
65%
need
65%
night
65%
want
65%
all
59%
All
59%
Any
59%
any
59%
Journey
59%
on
59%
said
59%
So
59%
That's
59%
to
59%
we
59%
baby
53%
hold
53%
Hold
53%
Oh
53%
oh
53%
She
53%
she
53%
then
53%
Then
53%
could
47%
loves
47%
loving
47%
sing
47%
things
47%
tight
47%
What
47%
good
41%
knew
41%
never
41%
About
35%
every
35%
groove
35%
Ooh
35%
touched
35%
was
35%
does
29%
everything
29%
move
29%
sang
29%
alone
24%
laugh
18%
No matching quizzes found
Score Distribution
Percent of People with Each Score
Percentile by Number Answered
Your Score History
You have not taken this quiz